Hospodářský německo - český , česko -německý slovník : 60 000 hesel | 90 000 významů | 200 000 překladů | 20 tematických okruhů slovíček
Na minha lista:
| Formato: | |
|---|---|
| Idioma: | alemão tcheco |
| Publicado em: |
Bratislava :
Lingea,
2001
|
| Edição: | 1. vyd. |
| Tags: |
Sem tags, seja o primeiro a adicionar uma tag!
|
MARC
| LEADER | 00000ngm a22000003a 4500 | ||
|---|---|---|---|
| 001 | stu75352 | ||
| 005 | 20150408161729.7 | ||
| 008 | 020405s2001----xo------------------ger-d | ||
| 040 | |a STU |b slo | ||
| 041 | 0 | |a ger |a cze | |
| 044 | |a xo | ||
| 080 | |a 33(038) =30=850=30 | ||
| 245 | |a Hospodářský německo - český , česko -německý slovník : |b 60 000 hesel | 90 000 významů | 200 000 překladů | 20 tematických okruhů slovíček | ||
| 250 | |a 1. vyd. | ||
| 260 | |a Bratislava : |b Lingea, |c 2001 | ||
| 300 | |a CD-ROM | ||
| 996 | |b 284J006109 |c J*176 CD |l JJST |s P |a 0 |w stu75352_0001 | ||